On brûlera - Pomme - Statistiques

Statistiques générales
  • Ce quiz a été pris 197 fois
  • Le résultat moyen est 161 sur 183
Statistiques - réponses
Hint Réponse % Correct
| . On
99%
À
98%
brûlera
98%
De
98%
En
98%
le
98%
mon
98%
ange
97%
la
97%
les
97%
deux
96%
enfer
96%
je
96%
Je
96%
vœux
96%
avec
95%
tes
95%
toi
95%
toutes
95%
veux
95%
Et
94%
et
94%
mourir
94%
Terre
94%
dans
93%
partir
93%
bras
92%
ma
92%
adieux
91%
mer
90%
Que
90%
que
90%
nous
89%
cœur
88%
corps
86%
nos
84%
ça
83%
encore
83%
mange
83%
ses
83%
louanges
82%
mère
82%
Pour
82%
t'aimerai
82%
Oh
81%
prières
80%
Tous
80%
change
79%
J'ai
78%
Mais
75%
des
74%
dieux
71%
auprès
69%
lave
69%
sel
69%
ah
68%
sais
68%
m'excuse
67%
prévu
62%
Tu
62%
pique
58%
peux
57%
Si
57%
Car
52%
écrire
51%
Aucun quiz correspondant
Distribution des résultats
% des personnes avec chaque résultat
Percentile par nombre de réponses
Votre historique - résultats
Vous n’avez pas pris ce quiz